Der sinnreiche Junker Don Quixote von la Mancha (Record no. 2610)

MARC details
000 -CABECERA
campo de control de longitud fija 01600nam a2200313 a 4500
001 - NÚMERO DE CONTROL
campo de control BRCA_2871
005 - FECHA Y HORA DE LA ÚLTIMA TRANSACCIÓN
campo de control 20190320204017.0
008 - DATOS DE LONGITUD FIJA--INFORMACIÓN GENERAL
campo de control de longitud fija 111208s1842----gw-a---###---#000-0dger-u
041 ## - CÓDIGO DE LENGUA
Código de lengua del texto/banda sonora o título independiente ger
044 ## - CÓDIGO DEL PAÍS DE LA ENTIDAD EDITORA/PRODUCTORA
Código MARC del país gw
084 ## - OTRO NÚMERO DE CLASIFICACIÓN
Número de clasificación 279
Número de documento/Ítem .F56
-- 1842
100 1# - ENTRADA PRINCIPAL--NOMBRE DE PERSONA
Nombre de persona Cervantes Saavedra, Miguel de
Fechas asociadas al nombre 1547-1616
9 (RLIN) 213
245 10 - MENCIÓN DE TÍTULO
Título Der sinnreiche Junker Don Quixote von la Mancha
Mención de responsabilidad, etc. von Miguel de Cervantes Saavedra.
260 ## - PUBLICACIÓN, DISTRIBUCIÓN, ETC.
Lugar de publicación, distribución, etc. Pforzheim (Alemania)
Nombre del editor, distribuidor, etc. Dennig Finck
Fecha de publicación, distribución, etc. 1842
300 ## - DESCRIPCIÓN FÍSICA
Extensión 2 v.
Otras características físicas il.
Dimensiones 26 cm.
500 ## - NOTA GENERAL
Nota general Contenido : v 1. Primera parte. Noticia sobre la vida y obra de Cervantes. Advertencia del traductor. Introducción de H. Heine. Prólogo del autor. Texto. -- v 2. Segunda parte. Prólogo del autor. Texto
500 ## - NOTA GENERAL
Nota general Edición : Aus dem spanischen Ibersetzt, mit dem Leben von Miguel de Cervantes nach Viardot, und einer Einleitung von Heinrich Heine
500 ## - NOTA GENERAL
Nota general Segunda edición de la traducción anónimo, basada en la de Bertuch y publicada en Stuttgart, con la Vida de Cervantes, traducida de la escrita por Viardot, y una introducción crítica de H. Heine. Semitela; lomeras decoradas con adornos dorados Lúdovik Osterc
500 ## - NOTA GENERAL
Nota general QM513C
546 ## - NOTA DE LENGUA/LENGUAJE
Nota de lengua/lenguaje Texto en : alemán
650 14 - PUNTO DE ACCESO ADICIONAL DE MATERIA--TÉRMINO DE MATERIA
Término de materia o nombre geográfico como elemento de entrada Novela española
Subdivisión cronológica Época clásica, 1500-1700
9 (RLIN) 215
650 14 - PUNTO DE ACCESO ADICIONAL DE MATERIA--TÉRMINO DE MATERIA
Término de materia o nombre geográfico como elemento de entrada Literatura española
Subdivisión cronológica Época clásica, 1500-1700
9 (RLIN) 216
650 14 - PUNTO DE ACCESO ADICIONAL DE MATERIA--TÉRMINO DE MATERIA
Término de materia o nombre geográfico como elemento de entrada Novela española
Subdivisión cronológica Siglo XVII
9 (RLIN) 217
650 14 - PUNTO DE ACCESO ADICIONAL DE MATERIA--TÉRMINO DE MATERIA
Término de materia o nombre geográfico como elemento de entrada Don Quijote (Personaje ficticio)
Término indicativo de función/relación Novela
9 (RLIN) 218
700 1# - PUNTO DE ACCESO ADICIONAL--NOMBRE DE PERSONA
Nombre de persona Viardot, Louis
Fechas asociadas al nombre 1800-1883
Término indicativo de función/relación Biógrafo
9 (RLIN) 8015
740 0# - PUNTO DE ACCESO ADICIONAL--TÍTULO RELACIONADO O ANALÍTICO NO CONTROLADO
Título relacionado o analítico no controlado El Ingenioso Hidalgo Don Quijote de la Mancha
902 ## - CATALOGADOR
Iniciales QFM
942 ## - ELEMENTOS DE PUNTO DE ACCESO ADICIONAL (KOHA)
Fuente del sistema de clasificación o colocación Library of Congress Classification
Tipo de ítem Koha Libros
Holdings
Estado de retiro Estado de pérdida Estado dañado No para préstamo Localización permanente Ubicación/localización actual Fecha de adquisición Número de inventario Total de préstamos Signatura topográfica completa Código de barras Fecha visto por última vez Precio válido a partir de Tipo de ítem Koha
El ejemplar forma parte de la colección y puede ser consultado según las políticas vigentes.       Biblioteca del Museo Franz Mayer (Rogerio Casas-Alatriste) Biblioteca del Museo Franz Mayer (Rogerio Casas-Alatriste) 11/12/2008 QM513C   279 .F56 1842 (QM513C) 2868 22/03/2019 22/03/2019 Libros